គ្រោះមហន្តរាយធម្មជាតិ / (Record no. 1579)
[ view plain ]
| 000 -LEADER | |
|---|---|
| fixed length control field | 01632nam a22002777a 4500 |
| 001 - CONTROL NUMBER | |
| control field | 1579 |
| 003 - CONTROL NUMBER IDENTIFIER | |
| control field | FISKH |
| 005 - DATE AND TIME OF LATEST TRANSACTION | |
| control field | 20251127120636.0 |
| 008 - FIXED-LENGTH DATA ELEMENTS--GENERAL INFORMATION | |
| fixed length control field | 230907b cb ||||| |||| 00| 0 khr d |
| 020 ## - INTERNATIONAL STANDARD BOOK NUMBER | |
| International Standard Book Number | 9789995054991 |
| 040 ## - CATALOGING SOURCE | |
| Original cataloging agency | FISKH |
| Language of cataloging | eng |
| Transcribing agency | FISKH |
| Modifying agency | FISKH |
| 082 ## - DEWEY DECIMAL CLASSIFICATION NUMBER | |
| Classification number | 363.12 |
| 100 ## - MAIN ENTRY--PERSONAL NAME | |
| Personal name | Kohler, Pierre |
| 245 ## - TITLE STATEMENT | |
| Title | គ្រោះមហន្តរាយធម្មជាតិ / |
| Statement of responsibility, etc. | និពន្ធដោយ Pierre Kohler |
| 250 ## - EDITION STATEMENT | |
| Edition statement | បោះពុម្ពលើកទី៥ ខែវិច្ឆិកា ឆ្នាំ២០២២ |
| 260 ## - PUBLICATION, DISTRIBUTION, ETC. | |
| Place of publication, distribution, etc. | Phnom Penh : |
| Name of publisher, distributor, etc. | Sipar, |
| Date of publication, distribution, etc. | 2022. |
| 300 ## - PHYSICAL DESCRIPTION | |
| Extent | 48 pages : |
| Other physical details | color illustrations ; |
| Dimensions | 27 cm |
| 490 ## - SERIES STATEMENT | |
| Series statement | ខ្ញុំចង់ដឹង |
| 505 ## - FORMATTED CONTENTS NOTE | |
| Formatted contents note | Z'<br/> |
| 520 ## - SUMMARY, ETC. | |
| Summary, etc. | គ្រោះមហន្តរាយធម្មជាតិ គឺជាសៀវភៅឯកសារស្តីពីហានិភ័យនៃបរិស្ថាន ដែលនាំមកនូវគ្រោះមហន្តរាយធម្មជាតិដល់មនុស្ស រួមមានព្រះអាទិត្យ ព្យុះ ទឹកជំនន់ គ្រោះរាំងស្ងួត ការរញ្ជួយដី និងគ្រោះមហន្តរាយផ្សេងៗទៀត។ |
| 520 ## - SUMMARY, ETC. | |
| Summary, etc. | Natural Disasters is a documentary book about risk of environment which bring natural disasters to human including the Sun, storm, flood, drought, earthquake and other disasters. |
| 521 8# - TARGET AUDIENCE NOTE | |
| Target audience note | 1000<br/><br/> |
| Source | Lexile estimate<br/> |
| 521 8# - TARGET AUDIENCE NOTE | |
| Target audience note | Z'<br/> |
| Source | Raz-Plus<br/> |
| 700 ## - ADDED ENTRY--PERSONAL NAME | |
| Personal name | Ratha, Ouk |
| Relator term | illustrator |
| 942 ## - ADDED ENTRY ELEMENTS (KOHA) | |
| Source of classification or shelving scheme | Dewey Decimal Classification |
| Koha item type | Books |
| Suppress in OPAC | No |
| Withdrawn status | Lost status | Source of classification or shelving scheme | Damaged status | Not for loan | Collection | Home library | Current library | Shelving location | Date acquired | Total Checkouts | Full call number | Barcode | Date last seen | Copy number | Price effective from | Koha item type |
|---|---|---|---|---|---|---|---|---|---|---|---|---|---|---|---|---|
| Dewey Decimal Classification | Khmer Non-Fiction / សៀវភៅខ្មែរ រឿងពិត | Footprints International School Library Network Toul Kork Campus | Footprints International School Library Network Toul Kork Campus | 09/07/2023 | KOH | 2023-0532 | 09/07/2023 | 1 | 09/07/2023 | Khmer Books | ||||||
| Dewey Decimal Classification | Khmer Non-Fiction / សៀវភៅខ្មែរ រឿងពិត | Footprints International School Library Network Toul Kork Campus | Footprints International School Library Network Toul Kork Campus | 09/07/2023 | KOH | 2023-0533 | 09/07/2023 | 2 | 09/07/2023 | Khmer Books | ||||||
| Dewey Decimal Classification | Khmer Non-Fiction / សៀវភៅខ្មែរ រឿងពិត | Footprints International School Library Network Toul Kork Campus | Footprints International School Library Network Toul Kork Campus | TK Old Khmer Books (Rear Hallway Shelf 3) | 04/02/2024 | KOH 363.34 PZ7 | FISTK05117 | 04/02/2024 | 3 | 04/02/2024 | Khmer Books | |||||
| Dewey Decimal Classification | Khmer Non-Fiction / សៀវភៅខ្មែរ រឿងពិត | Footprints International School Library Network Toul Tom Poung Campus | Footprints International School Library Network Toul Tom Poung Campus | TTP Secondary Khmer Bookshelves | 03/12/2025 | KOH 363.34 PZ7 | FIS05098 | 03/12/2025 | 4 | 03/12/2025 | Khmer Books | |||||
| Dewey Decimal Classification | Khmer Non-Fiction / សៀវភៅខ្មែរ រឿងពិត | Footprints International School Library Network Toul Tom Poung Campus | Footprints International School Library Network Toul Tom Poung Campus | TTP Secondary Khmer Bookshelves | 03/12/2025 | KOH 363.34 PZ7 | FIS02000 | 03/12/2025 | 5 | 03/12/2025 | Khmer Books | |||||
| Dewey Decimal Classification | Khmer Non-Fiction / សៀវភៅខ្មែរ រឿងពិត | Footprints International School Library Network Toul Tom Poung Campus | Footprints International School Library Network Toul Tom Poung Campus | TTP Secondary Khmer Bookshelves | 03/12/2025 | KOH 363.34 PZ7 | FIS01325 | 03/12/2025 | 6 | 03/12/2025 | Khmer Books | |||||
| Dewey Decimal Classification | Khmer Non-Fiction / សៀវភៅខ្មែរ រឿងពិត | Footprints International School Library Network Toul Tom Poung Campus | Footprints International School Library Network Toul Tom Poung Campus | TTP Secondary Khmer Bookshelves | 11/27/2025 | KOH 363.34 PZ7 | 2025-4942 | 11/27/2025 | 7 | 11/27/2025 | Khmer Books |
